Antenna engineering handbook. (Record no. 60860)

000 -LEADER
fixed length control field 00698nam a22002057a 4500
003 - CONTROL NUMBER IDENTIFIER
control field NUST-PNEC
005 - DATE AND TIME OF LATEST TRANSACTION
control field 20170116180709.0
008 - FIXED-LENGTH DATA ELEMENTS--GENERAL INFORMATION
fixed length control field 141001b xxu||||| |||| 00| 0 eng d
020 ## - INTERNATIONAL STANDARD BOOK NUMBER
International Standard Book Number 0070322902
040 ## - CATALOGING SOURCE
Transcribing agency PNEC
082 ## - DEWEY DECIMAL CLASSIFICATION NUMBER
Classification number 621.38 JAS
100 ## - MAIN ENTRY--PERSONAL NAME
9 (RLIN) 468
Personal name Jasik, Henry
245 ## - TITLE STATEMENT
Title Antenna engineering handbook.
Statement of responsibility, etc. Henry Jasik
250 ## - EDITION STATEMENT
Edition statement 1st ed.
260 ## - PUBLICATION, DISTRIBUTION, ETC.
Place of publication, distribution, etc. New York
Name of publisher, distributor, etc. McGraw-Hill Book Company, Inc.
Date of publication, distribution, etc. 1961
300 ## - PHYSICAL DESCRIPTION
Extent v. :
Other physical details ill., diagrs. ;
Dimensions 24 cm.
500 ## - GENERAL NOTE
General note Includes Index http://www.amazon.com/Antenna-Engineering-Handbook-Henry-Jasik/dp/0070322902/ref=sr_1_6?s=books&ie=UTF8&qid=1412155033&sr=1-6&keywords=antenna+engineering+handbook
650 ## - SUBJECT ADDED ENTRY--TOPICAL TERM
General subdivision EL
942 ## - ADDED ENTRY ELEMENTS (KOHA)
Source of classification or shelving scheme
Koha item type Book
Holdings
Withdrawn status Lost status Source of classification or shelving scheme Damaged status Not for loan Permanent Location Current Location Shelving location Date acquired Total Checkouts Full call number Barcode Date last seen Price effective from Koha item type
          Pakistan Navy Engineering College (PNEC) Pakistan Navy Engineering College (PNEC) Reference     621.3824 JAS PNECLIB-001155 10/01/2014   Book
          Pakistan Navy Engineering College (PNEC) Pakistan Navy Engineering College (PNEC)   10/01/2015   621.38 JAS PNECLIB-002390 10/01/2015   Book
© 2023 Central Library, National University of Sciences and Technology. All Rights Reserved.